[Event "RUS-ch Women Blitz 2019"]
[Site "Sochi"]
[Date "2019.10.17"]
[Round "4.3"]
[White "Borisova, Ekaterina"]
[Black "Kovanova, Baira"]
[Result "0-1"]
[WhiteElo "2347"]
[BlackElo "2344"]
[Annotator "NA"]
[PlyCount "78"]
[EventDate "2019.10.17"]
[EventType "swiss"]
[EventCountry "RUS"]
[SourceTitle "playchess.com"]
[Source "ChessBase"]
[SourceQuality "1"]
[TimeControl "180+2"]

1. d4 {[%emt 0:00:00]} Nf6 {[%emt 0:00:00]} 2. g3 {[%emt 0:00:00]} e6 {[%emt 0:00:01]} 3. c4 {[%emt 0:00:02]} c5 {[%emt 0:00:02]} 4. d5 {[%emt 0:00:01]} exd5 {[%emt 0:00:02]} 5. cxd5 {[%emt 0:00:00]} d6 {[%emt 0:00:01]} 6. Nc3 {[%emt 0:00:02]} g6 {[%emt 0:00:02]} 7. Bg2 {[%emt 0:00:00]} Bg7 {[%emt 0:00:01]} 8. Nf3 {[%emt 0:00:01]} O-O {[%emt 0:00:01]} 9. O-O {[%emt 0:00:01]} a6 {[%emt 0:00:01]} 10. a4 {[%emt 0:00:01]} Re8 {[%emt 0:00:02]} 11. Bf4 {[%emt 0:00:01]} Qe7 {[%emt 0:00:19]} 12. Qd2 {[%emt 0:00:05]} Qf8 {[%emt 0:00:13]} 13. Rfe1 {[%emt 0:00:22]} Nh5 {[%emt 0:00:09]} 14. Bg5 {[%emt 0:00:04]} h6 {[%emt 0:00:02]} 15. Be3 {[%emt 0:00:01]} Nf6 {[%emt 0:00:14]} 16. h3 {[%emt 0:00:06]} g5 {[%emt 0:00:20]} 17. Qc2 {[%emt 0:00:34]} Nbd7 {[%emt 0:00:11]} 18. Nd2 {[%emt 0:00:05]} Ne5 {[%emt 0:00:05]} 19. Rab1 {[%emt 0:00:16]} Bd7 {[%emt 0:00:30]} 20. b4 {[%emt 0:00:04]} b6 {[%emt 0:00:02]} 21. bxc5 {[%emt 0:00:07]} bxc5 {[%emt 0:00:01]} 22. Rb6 {[%emt 0:00:11]} Qe7 {[%emt 0:00:31]} 23. Reb1 {[%emt 0:00:06]} Red8 {[%emt 0:00:09]} 24. Rb7 {[%emt 0:00:24]} Ne8 {[%emt 0:00:14]} 25. Be4 {[%emt 0:00:33]} Qf6 {[%emt 0:00:05]} 26. R1b3 {[%emt 0:00:11]} Bxh3 {[%emt 0:00:02]} 27. Bg2 {[%emt 0:00:09]} Bf5 {[%emt 0:00:07]} 28. Nce4 {[%emt 0:00:02]} Qg6 {[%emt 0:00:02]} 29. R3b6 {[%emt 0:00:10]} Nf6 {[%emt 0:00:05]} 30. Nxf6+ {[%emt 0:00:03]} Qxf6 {[%emt 0:00:02]} 31. Qb3 {[%emt 0:00:04]} Ng4 {[%emt 0:00:06]} 32. Nc4 {[%emt 0:00:04]} Bg6 {[%emt 0:00:08]} 33. a5 {[%emt 0:00:04]} Re8 {[%emt 0:00:05]} 34. Rxd6 {[%emt 0:00:02]} Rxe3 {[%emt 0:00:04]} 35. fxe3 {[%emt 0:00:09]} Qf2+ {[%emt 0:00:01]} 36. Kh1 {[%emt 0:00:01]} Qxg3 {[%emt 0:00:02]} 37. Kg1 {[%emt 0:00:02]} Qf2+ 38. Kh1 Qe1+ {[%emt 0:00:02]} 39. Bf1 {[%emt 0:00:04]} Qxf1# {[%emt 0:00:01]} 0-1

[Event "RUS-ch Women Blitz 2019"]
[Site "Sochi"]
[Date "2019.10.20"]
[Round "4.3"]
[White "Obolentseva, Alexandra"]
[Black "Lukina, Aleksandra"]
[Result "1-0"]
[WhiteElo "2111"]
[BlackElo "1937"]
[Annotator "NA"]
[PlyCount "55"]
[EventDate "2019.10.17"]
[EventType "swiss"]
[EventCountry "RUS"]
[SourceTitle "playchess.com"]
[Source "ChessBase"]
[SourceQuality "1"]
[TimeControl "180+2"]

1. d4 {[%emt 0:00:02]} Nf6 {[%emt 0:00:00]} 2. c4 {[%emt 0:00:01]} g6 {[%emt 0:00:00]} 3. Nc3 {[%emt 0:00:01]} Bg7 {[%emt 0:00:01]} 4. e4 {[%emt 0:00:02]} d6 {[%emt 0:00:00]} 5. Nf3 {[%emt 0:00:01]} O-O {[%emt 0:00:02]} 6. Be2 {[%emt 0:00:01]} e5 {[%emt 0:00:03]} 7. O-O {[%emt 0:00:02]} exd4 {[%emt 0:00:01]} 8. Nxd4 {[%emt 0:00:02]} c6 {[%emt 0:00:01]} 9. f3 {[%emt 0:00:14]} Re8 {[%emt 0:00:01]} 10. Kh1 {[%emt 0:00:04]} Nh5 {[%emt 0:00:04]} 11. g4 {[%emt 0:00:01]} Nf6 {[%emt 0:00:01]} 12. Bf4 {[%emt 0:00:02]} h5 {[%emt 0:00:14]} 13. Nf5 {[%emt 0:00:01]} Bxf5 {[%emt 0:00:27]} 14. gxf5 {[%emt 0:00:04]} Bf8 {[%emt 0:00:07]} 15. fxg6 {[%emt 0:00:11]} fxg6 {[%emt 0:00:01]} 16. Rg1 {[%emt 0:00:02]} Kh7 {[%emt 0:00:08]} 17. Bd3 {[%emt 0:00:01]} Nfd7 {[%emt 0:00:29]} 18. e5 {[%emt 0:00:15]} Re6 {[%emt 0:00:01]} 19. Qc2 {[%emt 0:00:20]} Qe8 {[%emt 0:00:15]} 20. Rxg6 {[%emt 0:00:04]} Rxg6 {[%emt 0:00:07]} 21. Rg1 {[%emt 0:00:02]} Nxe5 {[%emt 0:00:24]} 22. Bxe5 {[%emt 0:00:01]} Qxe5 {[%emt 0:00:07]} 23. Bxg6+ {[%emt 0:00:31]} Kh8 {[%emt 0:00:01]} 24. Ne4 {[%emt 0:00:17]} Bh6 {[%emt 0:00:22]} 25. Qd3 {[%emt 0:00:18]} Nd7 {[%emt 0:00:03]} 26. Nxd6 {[%emt 0:00:08]} Rf8 {[%emt 0:00:22]} 27. Nf7+ {[%emt 0:00:01]} Rxf7 {[%emt 0:00:11]} 28. Bxf7 {[%emt 0:00:02]} 1-0

[Event "RUS-ch Women Blitz 2019"]
[Site "Sochi"]
[Date "2019.10.17"]
[Round "4.4"]
[White "Bykova, Anastasia"]
[Black "Garifullina, Leya"]
[Result "1-0"]
[WhiteElo "2247"]
[BlackElo "2330"]
[Annotator "NA"]
[PlyCount "131"]
[EventDate "2019.10.17"]
[EventType "swiss"]
[EventCountry "RUS"]
[SourceTitle "playchess.com"]
[Source "ChessBase"]
[SourceQuality "1"]
[TimeControl "180+2"]

1. d4 {[%emt 0:00:00]} Nf6 {[%emt 0:00:00]} 2. c4 {[%emt 0:00:00]} e6 {[%emt 0:00:00]} 3. Nf3 {[%emt 0:00:01]} b6 {[%emt 0:00:00]} 4. g3 {[%emt 0:00:00]} Bb7 {[%emt 0:00:01]} 5. Bg2 {[%emt 0:00:01]} Bb4+ {[%emt 0:00:01]} 6. Bd2 {[%emt 0:00:01]} Be7 {[%emt 0:00:01]} 7. O-O {[%emt 0:00:01]} O-O {[%emt 0:00:01]} 8. Nc3 c6 9. e4 {[%emt 0:00:03]} d5 {[%emt 0:00:01]} 10. e5 {[%emt 0:00:02]} Ne4 {[%emt 0:00:01]} 11. cxd5 {[%emt 0:00:04]} cxd5 {[%emt 0:00:01]} 12. Qb3 {[%emt 0:00:09]} Nxd2 {[%emt 0:00:04]} 13. Nxd2 {[%emt 0:00:01]} Nc6 {[%emt 0:00:02]} 14. Qa4 {[%emt 0:00:08]} a6 {[%emt 0:00:02]} 15. Nf3 {[%emt 0:00:19]} b5 {[%emt 0:00:01]} 16. Qd1 {[%emt 0:00:03]} Qb6 {[%emt 0:00:02]} 17. Qd2 {[%emt 0:00:03]} a5 {[%emt 0:00:05]} 18. Rfc1 {[%emt 0:00:03]} Rfc8 {[%emt 0:00:02]} 19. h4 {[%emt 0:00:03]} h6 {[%emt 0:00:03]} 20. Bf1 {[%emt 0:00:03]} Ba6 {[%emt 0:00:04]} 21. Bd3 {[%emt 0:00:03]} Qb7 {[%emt 0:00:03]} 22. Qe3 {[%emt 0:00:29]} b4 {[%emt 0:00:04]} 23. Na4 {[%emt 0:00:01]} Bxd3 24. Qxd3 {[%emt 0:00:01]} Na7 {[%emt 0:00:20]} 25. Nd2 {[%emt 0:00:34]} Rxc1+ {[%emt 0:00:22]} 26. Rxc1 {[%emt 0:00:01]} Rc8 {[%emt 0:00:01]} 27. Rxc8+ {[%emt 0:00:11]} Qxc8 {[%emt 0:00:01]} 28. Nb3 {[%emt 0:00:01]} Bd8 {[%emt 0:00:01]} 29. Nbc5 {[%emt 0:00:04]} Qc6 {[%emt 0:00:03]} 30. b3 {[%emt 0:00:13]} Bb6 {[%emt 0:00:05]} 31. Kf1 {[%emt 0:00:10]} Bxc5 {[%emt 0:00:02]} 32. Nxc5 {[%emt 0:00:01]} Nb5 {[%emt 0:00:03]} 33. Ke1 {[%emt 0:00:06]} Nc3 {[%emt 0:00:02]} 34. a4 {[%emt 0:00:00]} h5 {[%emt 0:00:21]} 35. f3 {[%emt 0:00:07]} g6 {[%emt 0:00:02]} 36. Qa6 {[%emt 0:00:08]} Qxa6 {[%emt 0:00:10]} 37. Nxa6 {[%emt 0:00:01]} Kg7 {[%emt 0:00:08]} 38. Nc5 {[%emt 0:00:02]} Kh6 {[%emt 0:00:04]} 39. Nb7 {[%emt 0:00:04]} g5 {[%emt 0:00:01]} 40. hxg5+ {[%emt 0:00:06]} Kxg5 {[%emt 0:00:01]} 41. Nxa5 {[%emt 0:00:01]} h4 {[%emt 0:00:02]} 42. gxh4+ {[%emt 0:00:02]} Kxh4 {[%emt 0:00:01]} 43. Nc6 {[%emt 0:00:07]} Kg3 {[%emt 0:00:02]} 44. Nxb4 {[%emt 0:00:06]} Kxf3 {[%emt 0:00:01]} 45. Kd2 {[%emt 0:00:03]} Ne4+ {[%emt 0:00:03]} 46. Kd3 {[%emt 0:00:01]} Nf2+ {[%emt 0:00:01]} 47. Kc3 {[%emt 0:00:04]} Ne4+ {[%emt 0:00:03]} 48. Kc2 {[%emt 0:00:03]} Ke3 {[%emt 0:00:01]} 49. Nc6 {[%emt 0:00:01]} f5 {[%emt 0:00:08]} 50. exf6 {[%emt 0:00:01]} Nxf6 {[%emt 0:00:01]} 51. a5 {[%emt 0:00:01]} Nd7 {[%emt 0:00:01]} 52. a6 {[%emt 0:00:01]} Nb6 {[%emt 0:00:01]} 53. Kc3 {[%emt 0:00:03]} Ke4 {[%emt 0:00:02]} 54. Ne5 {[%emt 0:00:03]} Na8 {[%emt 0:00:03]} 55. Nd7 {[%emt 0:00:03]} Nc7 {[%emt 0:00:03]} 56. a7 {[%emt 0:00:04]} Na8 {[%emt 0:00:00]} 57. Nc5+ {[%emt 0:00:05]} Kf5 {[%emt 0:00:02]} 58. Nd7 {[%emt 0:00:18]} e5 {[%emt 0:00:07]} 59. Nxe5 {[%emt 0:00:02]} Ke6 {[%emt 0:00:01]} 60. Kb4 {[%emt 0:00:02]} Kd6 {[%emt 0:00:01]} 61. Kb5 {[%emt 0:00:02]} Kc7 {[%emt 0:00:02]} 62. Ka6 {[%emt 0:00:02]} Nb6 {[%emt 0:00:03]} 63. Nd3 {[%emt 0:00:02]} Na8 {[%emt 0:00:01]} 64. Nf4 {[%emt 0:00:01]} Kc6 {[%emt 0:00:02]} 65. Ne6 {[%emt 0:00:07]} Kd7 {[%emt 0:00:02]} 66. Kb7 {[%emt 0:00:02]} 1-0

[Event "RUS-ch Women Blitz 2019"]
[Site "Sochi"]
[Date "2019.10.20"]
[Round "4.5"]
[White "Ambartsumova, Karina"]
[Black "Zhurova, Anna"]
[Result "1/2-1/2"]
[WhiteElo "2341"]
[BlackElo "1987"]
[Annotator "NA"]
[PlyCount "154"]
[EventDate "2019.10.17"]
[EventType "swiss"]
[EventCountry "RUS"]
[SourceTitle "playchess.com"]
[Source "ChessBase"]
[SourceQuality "1"]
[TimeControl "180+2"]

1. c4 {[%emt 0:00:00]} Nf6 {[%emt 0:00:00]} 2. Nc3 {[%emt 0:00:02]} d5 {[%emt 0:00:01]} 3. cxd5 {[%emt 0:00:03]} Nxd5 {[%emt 0:00:01]} 4. Nf3 {[%emt 0:00:02]} g6 {[%emt 0:00:03]} 5. Qb3 {[%emt 0:00:04]} Nxc3 {[%emt 0:00:04]} 6. bxc3 {[%emt 0:00:06]} Bg7 {[%emt 0:00:02]} 7. d4 {[%emt 0:00:05]} O-O {[%emt 0:00:05]} 8. e3 {[%emt 0:00:08]} c5 {[%emt 0:00:05]} 9. Be2 {[%emt 0:00:05]} cxd4 {[%emt 0:00:22]} 10. cxd4 {[%emt 0:00:04]} Nc6 {[%emt 0:00:09]} 11. Bb2 {[%emt 0:00:02]} e5 {[%emt 0:00:04]} 12. O-O {[%emt 0:00:32]} exd4 {[%emt 0:00:02]} 13. Rfd1 {[%emt 0:00:02]} Be6 {[%emt 0:00:07]} 14. Qa3 {[%emt 0:00:12]} Qb6 {[%emt 0:00:17]} 15. Nxd4 {[%emt 0:00:02]} Nxd4 {[%emt 0:00:01]} 16. Bxd4 {[%emt 0:00:01]} Bxd4 {[%emt 0:00:04]} 17. Rxd4 {[%emt 0:00:06]} Rfd8 {[%emt 0:00:08]} 18. Rb4 {[%emt 0:00:02]} Qd6 {[%emt 0:00:08]} 19. Qb2 {[%emt 0:00:04]} b6 {[%emt 0:00:07]} 20. Rd4 {[%emt 0:00:04]} Qe7 {[%emt 0:00:11]} 21. Rad1 {[%emt 0:00:03]} Rxd4 {[%emt 0:00:11]} 22. exd4 {[%emt 0:00:25]} Bd5 {[%emt 0:00:06]} 23. Bf1 {[%emt 0:00:07]} Rd8 {[%emt 0:00:05]} 24. a3 {[%emt 0:00:09]} Qg5 {[%emt 0:00:13]} 25. h3 {[%emt 0:00:14]} Be6 {[%emt 0:00:06]} 26. Qd2 {[%emt 0:00:11]} Qxd2 {[%emt 0:00:14]} 27. Rxd2 {[%emt 0:00:00]} Bd5 {[%emt 0:00:00]} 28. Rc2 {[%emt 0:00:21]} Be6 {[%emt 0:00:14]} 29. Rd2 {[%emt 0:00:08]} Kf8 {[%emt 0:00:07]} 30. Ba6 {[%emt 0:00:07]} Bd5 {[%emt 0:00:03]} 31. Rc2 {[%emt 0:00:04]} Be6 {[%emt 0:00:06]} 32. Rd2 {[%emt 0:00:01]} Bd5 {[%emt 0:00:00]} 33. f3 {[%emt 0:00:04]} Rd6 {[%emt 0:00:10]} 34. Kf2 {[%emt 0:00:02]} Rc6 {[%emt 0:00:09]} 35. Bb7 {[%emt 0:00:01]} Rd6 {[%emt 0:00:01]} 36. Bxd5 {[%emt 0:00:02]} Rxd5 {[%emt 0:00:01]} 37. Ke3 {[%emt 0:00:00]} Ke7 {[%emt 0:00:01]} 38. Ke4 {[%emt 0:00:01]} Ra5 {[%emt 0:00:04]} 39. Rd3 {[%emt 0:00:02]} Kd6 {[%emt 0:00:02]} 40. g4 {[%emt 0:00:12]} f5+ {[%emt 0:00:07]} 41. Kf4 {[%emt 0:00:03]} fxg4 {[%emt 0:00:02]} 42. fxg4 {[%emt 0:00:04]} Kd5 {[%emt 0:00:04]} 43. h4 {[%emt 0:00:06]} Ra4 {[%emt 0:00:01]} 44. Ke3 {[%emt 0:00:03]} b5 {[%emt 0:00:04]} 45. h5 {[%emt 0:00:03]} gxh5 {[%emt 0:00:01]} 46. gxh5 {[%emt 0:00:01]} h6 {[%emt 0:00:03]} 47. Rb3 {[%emt 0:00:04]} a6 {[%emt 0:00:00]} 48. Rd3 {[%emt 0:00:01]} a5 {[%emt 0:00:01]} 49. Rb3 {[%emt 0:00:01]} b4 50. axb4 {[%emt 0:00:01]} Rxb4 {[%emt 0:00:06]} 51. Ra3 {[%emt 0:00:07]} a4 {[%emt 0:00:01]} 52. Kf4 {[%emt 0:00:03]} Rxd4+ {[%emt 0:00:11]} 53. Kf5 {[%emt 0:00:00]} Kc5 {[%emt 0:00:02]} 54. Kg6 {[%emt 0:00:04]} Rd6+ {[%emt 0:00:01]} 55. Kg7 {[%emt 0:00:00]} Kb4 {[%emt 0:00:00]} 56. Rf3 {[%emt 0:00:04]} a3 {[%emt 0:00:01]} 57. Rf4+ {[%emt 0:00:05]} Kc3 {[%emt 0:00:04]} 58. Rf3+ {[%emt 0:00:02]} Rd3 {[%emt 0:00:04]} 59. Rf2 {[%emt 0:00:01]} Rd6 {[%emt 0:00:02]} 60. Rf3+ {[%emt 0:00:01]} Kb4 {[%emt 0:00:02]} 61. Rf4+ {[%emt 0:00:00]} Kb3 {[%emt 0:00:02]} 62. Rf3+ {[%emt 0:00:01]} Kb2 {[%emt 0:00:01]} 63. Rf2+ {[%emt 0:00:01]} Kc3 {[%emt 0:00:01]} 64. Rf3+ {[%emt 0:00:00]} Rd3 {[%emt 0:00:05]} 65. Rf2 {[%emt 0:00:02]} Rd2 {[%emt 0:00:01]} 66. Rf3+ {[%emt 0:00:01]} Kb2 {[%emt 0:00:01]} 67. Rf8 {[%emt 0:00:04]} Rd6 {[%emt 0:00:03]} 68. Rf2+ {[%emt 0:00:02]} Kc3 {[%emt 0:00:02]} 69. Rf3+ {[%emt 0:00:01]} Rd3 {[%emt 0:00:00]} 70. Rf2 {[%emt 0:00:04]} Rd2 {[%emt 0:00:00]} 71. Rf3+ {[%emt 0:00:01]} Kb2 {[%emt 0:00:00]} 72. Rxa3 {[%emt 0:00:01]} Kxa3 {[%emt 0:00:00]} 73. Kxh6 {[%emt 0:00:01]} Rg2 {[%emt 0:00:00]} 74. Kh7 {[%emt 0:00:01]} Kb4 {[%emt 0:00:00]} 75. h6 {[%emt 0:00:01]} Kc5 {[%emt 0:00:00]} 76. Kh8 {[%emt 0:00:00]} Kd6 {[%emt 0:00:00]} 77. h7 {[%emt 0:00:01]} Rh2 {[%emt 0:00:00]} 1/2-1/2

[Event "RUS-ch Women Blitz 2019"]
[Site "Sochi"]
[Date "2019.10.17"]
[Round "4.5"]
[White "Murashova, Ekaterina"]
[Black "Shafigullina, Zarina"]
[Result "0-1"]
[WhiteElo "2248"]
[BlackElo "2295"]
[Annotator "NA"]
[PlyCount "74"]
[EventDate "2019.10.17"]
[EventType "swiss"]
[EventCountry "RUS"]
[SourceTitle "playchess.com"]
[Source "ChessBase"]
[SourceQuality "1"]
[TimeControl "180+2"]

1. e4 {[%emt 0:00:00]} c5 {[%emt 0:00:00]} 2. Nf3 Nc6 3. d4 {[%emt 0:00:01]} cxd4 {[%emt 0:00:00]} 4. Nxd4 {[%emt 0:00:01]} Nf6 {[%emt 0:00:00]} 5. Nc3 {[%emt 0:00:01]} e5 {[%emt 0:00:01]} 6. Ndb5 {[%emt 0:00:01]} d6 {[%emt 0:00:00]} 7. Bg5 a6 8. Na3 {[%emt 0:00:02]} b5 {[%emt 0:00:01]} 9. Nd5 {[%emt 0:00:00]} Be7 {[%emt 0:00:01]} 10. Bxf6 {[%emt 0:00:02]} Bxf6 {[%emt 0:00:01]} 11. c3 {[%emt 0:00:00]} O-O {[%emt 0:00:01]} 12. Nc2 {[%emt 0:00:01]} Rb8 {[%emt 0:00:01]} 13. h4 {[%emt 0:00:13]} Be6 {[%emt 0:00:14]} 14. Nxf6+ {[%emt 0:00:39]} gxf6 {[%emt 0:00:01]} 15. Qh5 {[%emt 0:00:20]} Kh8 {[%emt 0:00:38]} 16. Ne3 {[%emt 0:00:09]} Rg8 {[%emt 0:00:03]} 17. Rd1 {[%emt 0:00:12]} Ne7 {[%emt 0:00:04]} 18. g3 {[%emt 0:00:08]} Qd7 {[%emt 0:00:13]} 19. Qe2 {[%emt 0:00:18]} f5 {[%emt 0:00:15]} 20. exf5 {[%emt 0:00:16]} Nxf5 {[%emt 0:00:02]} 21. Bg2 {[%emt 0:00:15]} Nxe3 {[%emt 0:00:14]} 22. Qxe3 {[%emt 0:00:03]} f5 {[%emt 0:00:29]} 23. O-O {[%emt 0:00:17]} f4 {[%emt 0:00:07]} 24. Qd3 {[%emt 0:00:01]} Rbd8 {[%emt 0:00:05]} 25. Rfe1 {[%emt 0:00:06]} Qg7 {[%emt 0:00:06]} 26. Kh2 {[%emt 0:00:08]} Bxa2 {[%emt 0:00:08]} 27. Qf3 {[%emt 0:00:23]} fxg3+ {[%emt 0:00:10]} 28. fxg3 {[%emt 0:00:01]} d5 {[%emt 0:00:04]} 29. Re3 {[%emt 0:00:00]} Bb3 {[%emt 0:00:22]} 30. Ra1 {[%emt 0:00:01]} Rgf8 {[%emt 0:00:06]} 31. Qh5 {[%emt 0:00:04]} e4 {[%emt 0:00:24]} 32. Rxa6 {[%emt 0:00:02]} Rf2 {[%emt 0:00:03]} 33. Rh6 {[%emt 0:00:08]} Rdf8 {[%emt 0:00:06]} 34. Kg1 {[%emt 0:00:00]} Bc2 {[%emt 0:00:03]} 35. Re1 {[%emt 0:00:04]} Bd3 {[%emt 0:00:02]} 36. Ra1 {[%emt 0:00:01]} e3 {[%emt 0:00:03]} 37. Bxd5 {[%emt 0:00:04]} Qxg3+ {[%emt 0:00:02]} 0-1

[Event "RUS-ch Women Blitz 2019"]
[Site "Sochi"]
[Date "2019.10.17"]
[Round "4.6"]
[White "Samigullina, Diana"]
[Black "Karavaeva, Olga"]
[Result "0-1"]
[WhiteElo "2161"]
[BlackElo "2260"]
[Annotator "NA"]
[PlyCount "106"]
[EventDate "2019.10.17"]
[EventType "swiss"]
[EventCountry "RUS"]
[SourceTitle "playchess.com"]
[Source "ChessBase"]
[SourceQuality "1"]
[TimeControl "180+2"]

1. d4 {[%emt 0:00:00]} d5 {[%emt 0:00:00]} 2. c4 {[%emt 0:00:01]} e6 {[%emt 0:00:00]} 3. e3 {[%emt 0:00:03]} c6 {[%emt 0:00:00]} 4. Nf3 {[%emt 0:00:02]} Nf6 {[%emt 0:00:00]} 5. Nc3 {[%emt 0:00:01]} Nbd7 {[%emt 0:00:01]} 6. Qc2 {[%emt 0:00:03]} Bd6 {[%emt 0:00:02]} 7. b3 {[%emt 0:00:01]} O-O {[%emt 0:00:01]} 8. Bb2 {[%emt 0:00:01]} Qe7 {[%emt 0:00:01]} 9. Bd3 {[%emt 0:00:17]} Ba3 {[%emt 0:00:03]} 10. O-O {[%emt 0:00:07]} a5 {[%emt 0:00:01]} 11. Bxa3 {[%emt 0:00:08]} Qxa3 {[%emt 0:00:02]} 12. c5 {[%emt 0:00:01]} a4 {[%emt 0:00:19]} 13. Nxa4 {[%emt 0:00:05]} Re8 {[%emt 0:00:10]} 14. Ne5 {[%emt 0:00:11]} h6 {[%emt 0:00:06]} 15. f4 {[%emt 0:00:02]} Qb4 {[%emt 0:00:26]} 16. a3 {[%emt 0:00:03]} Qa5 {[%emt 0:00:02]} 17. Nc3 {[%emt 0:00:01]} Qc7 {[%emt 0:00:07]} 18. b4 {[%emt 0:00:01]} b6 {[%emt 0:00:05]} 19. a4 {[%emt 0:00:02]} bxc5 {[%emt 0:00:03]} 20. bxc5 {[%emt 0:00:01]} Ba6 {[%emt 0:00:02]} 21. Rfb1 {[%emt 0:00:08]} Bxd3 {[%emt 0:00:04]} 22. Qxd3 {[%emt 0:00:05]} Ra5 {[%emt 0:00:04]} 23. Rb2 {[%emt 0:00:04]} Nxe5 {[%emt 0:00:27]} 24. fxe5 {[%emt 0:00:01]} Nd7 {[%emt 0:00:02]} 25. Rab1 {[%emt 0:00:01]} Ra7 {[%emt 0:00:02]} 26. Rb4 {[%emt 0:00:11]} Rea8 {[%emt 0:00:10]} 27. Qc2 {[%emt 0:00:04]} Qa5 {[%emt 0:00:06]} 28. Rb7 {[%emt 0:00:08]} Qa6 {[%emt 0:00:03]} 29. Rxa7 {[%emt 0:00:08]} Rxa7 {[%emt 0:00:02]} 30. Rb4 {[%emt 0:00:21]} g6 {[%emt 0:00:07]} 31. Ne2 {[%emt 0:00:17]} Rb7 {[%emt 0:00:08]} 32. Rxb7 {[%emt 0:00:14]} Qxb7 {[%emt 0:00:01]} 33. Nf4 {[%emt 0:00:04]} Kg7 {[%emt 0:00:07]} 34. Nd3 {[%emt 0:00:05]} Nb8 {[%emt 0:00:19]} 35. Qb2 {[%emt 0:00:04]} Qa6 {[%emt 0:00:05]} 36. Qb3 {[%emt 0:00:06]} Nd7 {[%emt 0:00:08]} 37. Kf2 {[%emt 0:00:03]} Qa5 {[%emt 0:00:01]} 38. Qb4 {[%emt 0:00:03]} Qa6 {[%emt 0:00:00]} 39. a5 {[%emt 0:00:04]} Qxd3 {[%emt 0:00:03]} 40. Qb7 {[%emt 0:00:07]} Nf8 {[%emt 0:00:23]} 41. a6 {[%emt 0:00:02]} Qd2+ {[%emt 0:00:03]} 42. Kf3 {[%emt 0:00:10]} Qd1+ {[%emt 0:00:02]} 43. Kf2 {[%emt 0:00:01]} Qd2+ {[%emt 0:00:04]} 44. Kf3 {[%emt 0:00:01]} g5 {[%emt 0:00:07]} 45. h3 {[%emt 0:00:30]} h5 {[%emt 0:00:02]} 46. a7 {[%emt 0:00:02]} g4+ {[%emt 0:00:03]} 47. hxg4 {[%emt 0:00:01]} hxg4+ {[%emt 0:00:01]} 48. Kg3 {[%emt 0:00:02]} Qxe3+ {[%emt 0:00:02]} 49. Kh2 {[%emt 0:00:01]} g3+ {[%emt 0:00:03]} 50. Kh3 {[%emt 0:00:01]} Ng6 {[%emt 0:00:10]} 51. a8=Q {[%emt 0:00:08]} Qh6+ {[%emt 0:00:03]} 52. Kxg3 {[%emt 0:00:02]} Qf4+ {[%emt 0:00:00]} 53. Kh3 {[%emt 0:00:03]} Qh4# {[%emt 0:00:01]} 0-1

[Event "RUS-ch Women Blitz 2019"]
[Site "Sochi"]
[Date "2019.10.17"]
[Round "4.7"]
[White "Styazhkina, Anna"]
[Black "Larina, Maria"]
[Result "0-1"]
[WhiteElo "2280"]
[BlackElo "1948"]
[Annotator "TA"]
[PlyCount "50"]
[EventDate "2019.10.17"]
[EventType "swiss"]
[EventCountry "RUS"]
[SourceTitle "playchess.com"]
[Source "ChessBase"]
[SourceQuality "1"]

{[%evp 12,50,39,32,95,10,22,9,29,18,17,0,12,24,40,-14,51,44,40,46,68,41,44,0,52,54,95,20,47,44,186,183,278,274,300,233,225,210,222,-1195,-1171]} 1. e4 d5 2. exd5 Qxd5 3. Nc3 Qa5 4. d4 Nf6 5. Bc4 Bf5 6. Bd2 c6 7. Qe2 e6 {B01: Scandinavian Defence} (7... Qd8 $14) 8. O-O-O (8. d5 $16) 8... Bb4 9. f3 Nbd7 {The position is equal.} 10. g4 Bg6 11. a3 Bxc3 (11... Bxa3 {feels hotter.} 12. h4 h6 13. h5 Bh7 14. Na2 Qa4) 12. Bxc3 Qc7 13. h4 $146 (13. Be1 $14) ({Predecessor:} 13. Be1 b5 14. Bb3 O-O-O 15. Bg3 {½-½ (30) Weiss,C (2415)-Konopka,M (2475) Aschach 2001}) 13... h6 (13... h5 $11) 14. h5 $14 Bh7 15. Nh3 O-O-O 16. Bd2 Nd5 17. f4 (17. Rhe1 {keeps more tension.} Rhe8 18. Kb1 e5 19. dxe5 Rxe5 20. Qf2) 17... N7b6 (17... N7f6 $11) 18. Bb3 Nf6 19. Ba5 ({White should try} 19. f5 $16) 19... Nfd5 20. Rhf1 {And now c4 would win.} Rhe8 ({Better is} 20... c5 $1 $14) 21. c4 $18 Nf6 (21... c5 {is a better defense.}) 22. c5 Ne4 23. cxb6 axb6 24. Be1 c5 25. Kb1 $4 {[%mdl 8192] [#]} (25. Bc2 $18 Rxd4 26. Bh4) 25... Nc3+ {[%mdl 64] Double Attack, Discovered Attack (Double check). Accuracy: White = 17%, Black = 19%.} 0-1